[Event "Figueres op-B 17th"]
[Site "Figueres"]
[Date "2016.08.13"]
[Round "3"]
[White "Perez Fonolleras, Oliver"]
[Black "Gili Munoz, Daniel"]
[Result "1-0"]
[WhiteElo "1468"]
[BlackElo "1805"]
[PlyCount "59"]
[EventDate "2016.08.11"]
[EventType "swiss"]
[EventRounds "9"]
[EventCountry "ESP"]
[SourceTitle "EXT 2017"]
[Source "ChessBase"]
[SourceDate "2016.10.25"]
[SourceVersion "1"]
[SourceVersionDate "2016.10.25"]
[SourceQuality "1"]

1. e4 c5 2. Nf3 d6 3. d4 cxd4 4. Nxd4 Nf6 5. Nc3 a6 6. Be2 e5 7. Nb3 Be7 8. 0-0 Be6 9. Bg5 Nbd7 10. f4 Qc7 11. Nd2 exf4 12. Bxf4 Qb6+ 13. Kh1 Qxb2 14. Na4 Qa3 15. c4 Nc5 16. Nb6 Rb8 17. Qc2 Nfd7 18. Rab1 Qa5 19. Qb2 0-0 20. Nxd7 Bxd7 21. e5 Qc7 22. Qd4 Ne6 23. exd6 Nxd4 24. dxc7 Rbc8 25. Rfe1 Ne6 26. Bg3 Bc6 27. Bg4 Bg5 28. Nf3 f5 29. Rxe6 fxg4 30. Nxg5 1-0